<?xml version="1.0" encoding="UTF-8"?>
<marc:record xmlns:marc="http://www.loc.gov/MARC21/slim">
   <marc:leader>00000nam a2200000 a 4500</marc:leader>
   <marc:datafield ind1="1" ind2=" " tag="100">
      <marc:subfield code="a">Bandixen, Ocke</marc:subfield>
      <marc:subfield code="4">aut</marc:subfield>
      <marc:subfield code="e">Verfasser/-in</marc:subfield>
   </marc:datafield>
   <marc:datafield ind1="0" ind2="0" tag="245">
      <marc:subfield code="a">Der Wunderstürmer - Zwei Fußballstars sind besser als einer!</marc:subfield>
   </marc:datafield>
   <marc:datafield ind1="0" ind2="0" tag="245">
      <marc:subfield code="b">; Band 2</marc:subfield>
   </marc:datafield>
   <marc:datafield ind1=" " ind2="1" tag="264">
      <marc:subfield code="b">Loewe</marc:subfield>
      <marc:subfield code="c">2019</marc:subfield>
   </marc:datafield>
   <marc:datafield ind1="1" ind2=" " tag="490">
      <marc:subfield code="a">Der Wunderstürmer</marc:subfield>
   </marc:datafield>
   <marc:datafield ind1="1" ind2=" " tag="520">
      <marc:subfield code="a">Tim ist verzweifelt: Sein neuer Freund, der weltberühmte Fußballprofi Sergio Mavalli, ist verschwunden! Dann taucht plötzlich der norwegische Top-Stürmer Dagur Dagurson beim FC Hegenwald auf - dicht gefolgt von Mavalli! Ob das neue Tablet dahinter steckt, das plötzlich vor Tims Haustür lag? Es enthält offensichtlich ein großes Fußball-Geheimnis ...Am Ende muss ein Turnier zeigen, wer der bessere Stürmer ist - Mavalli oder Dagurson! Mein Freund, der Fußballstar Zweiter Band der Kinderbuch-Reihe für Jungs ab 9 Jahren: Tim liebt Fußball über alles! Leider ist er nicht gerade der beste Spieler, deswegen zockt er lieber die App Ball im Netz auf seinem Handy - doch dann steht plötzlich ein echter Fußballstar direkt vor seiner Haustür. Für alle Fußballfans.</marc:subfield>
   </marc:datafield>
   <marc:datafield ind1=" " ind2=" " tag="020">
      <marc:subfield code="a">9783743202771</marc:subfield>
      <marc:subfield code="9">9783743202771</marc:subfield>
   </marc:datafield>
</marc:record>
